Lahu Ka Rang Ek Hai (Record no. 18415)

MARC details
000 -LEADER
fixed length control field 00602nam a2200229 a 4500
020 ## - INTERNATIONAL STANDARD BOOK NUMBER
ISBN
082 00 - DEWEY DECIMAL CLASSIFICATION NUMBER
Classification number 261.2
Author Cutter MOG
100 ## - MAIN ENTRY--AUTHOR NAME
Author name Moghal, Dominique
245 ## - TITLE STATEMENT
Title Lahu Ka Rang Ek Hai
Sub title Samaji Awr Mazhabi Ham Aahangi Ke Haqiqi Tajrubat
260 ## - PUBLICATION, DISTRIBUTION, ETC. (IMPRINT)
Place of publication Rawalpindi
Name of publisher Christian Study Centre
Year of publication 2001
300 ## - PHYSICAL DESCRIPTION
Number of Pages 00p
500 ## - GENERAL NOTE
General note includes index and biblioraphy
650 ## - SUBJECT ADDED ENTRY--TOPICAL TERM
Topical Term Pluralism
942 ## - ADDED ENTRY ELEMENTS (KOHA)
Koha item type Books
700 1# -
-- Moghal, Dominique
Holdings
Collection code Home library Current library Date acquired Cost, normal purchase price Full call number Accession Number Koha item type
  Henry Martyn Institute Library Henry Martyn Institute Library 11/14/2007 100.00 261.2 MOG 11001910 Books
                   Copyright © 2026 | Henry Martyn Institute | Hyderabad | TS-500052 | INDIA | Implemented by hmi.edu.in
Hit-Count:

Powered by Koha